LEADER 01234nam a2200265 u 4500 001 000000011475 003 CaOOAMICUS 005 20070226105430.0 008 940712s1973 sz af u000 u eng u 035 $a10281965 040 $aIAR$bita$dPUL(R) 100 1 $aCavalcanti, Giovanni,$dm. 1452.$0(OLS)http://pul/name/11050 245 14$aThe "Trattato politico-morale" of Giovanni Cavalcanti (1381-c.1451) :$ba critical edition and interpretation /$cMarcella T. Grendler. 260 $aGenève :$bDroz,$c1973. 300 $a251 p., [1] c. di tav. :$bill. ;$c26 cm 490 1 $aTravaux d'humanisme et Renaissance ;$v135 504 $a"Bibliography": p. 229-239. 700 1 $aGrendler, Marcella T.$0(OLS)http://pul/name/11051 830 0$aTravaux d'humanisme et Renaissance ;$v135.$0(OLS)http://pul/title/11844 850 $aPUL 852 $aPUL$W1$xSL Filosofia 1$y2$m95 A 11$j16237$nBK-PRI$b $qStampati$B16237$CPULBib$Z2$F16237 $H $81 941 1 $a8 961 $aINV: 39399 996 $6245$aThe "Trattato politico-morale" of Giovanni Cavalcanti (1381-c.1451) :$ba critical edition and interpretation$9(OLS)http://pul/title/16629 996 $6260$aGenève :$bDroz$9(OLS)http://pul/publisher/49480 LEADER 01242nab a2200253 a 4500 001 000000161992 003 CaOOAMICUS 005 20170717145119.0 008 170717s2008 it fr p 0 0ita r 020 $a978-88-9400-03-3* 032 $aLibriCat 040 $aPUL$bita 245 10$aGiustizia e verità in democrazia :$bla logica aletica e la giustificazione del diritto positivo sulla base della legge naturale /$cedited by Giovanni Covino; with contributions by Ignacio Acéchaga...[et al.]. 260 $aRoma :$bLeonardo da Vinci,$c2017. 300 $a159 p. ;$c24 cm. 500 $aContiene articoli di vari autori. 700 1 $aAcéchaga, Ignacio.$0(OLS)http://pul/name/103848 700 1 $aCovino, Giovanni.$0(OLS)http://pul/name/85193 700 1 $aLivi, Antonio,$d1937-$0(OLS)http://pul/name/10769 773 1 $tSensus Communis$dRoma : Leonardo da Vinci, 2000-$gVol. 25 (2017)$w()76298 996 $6020$a978-88-9400-03-3*$9(OLS)http://pul/number/163020 996 $6245$aGiustizia e verità in democrazia :$bla logica aletica e la giustificazione del diritto positivo sulla base della legge naturale$9(OLS)http://pul/title/201751 996 $6260$aRoma :$bLeonardo da Vinci$9(OLS)http://pul/publisher/51778